000 00928nam0a22002771 4500
001 rc\4345422
005 20250612054212.0
021 _aRU
_b[67-32154]
035 _a(NLR Aleph) 008526393
090 _a8260526
_c8260526
100 _a20130416d1967 |||y0rusy50 ca
101 0 _arus
102 _aRU
105 _aa z |||||
200 1 _aМонтаж оборудования химических предприятий
210 _aМосква
_cСтройиздат
_d1967
215 _a279 с.
_cил.
_d22
320 _aБиблиогр.: с. 277 (19 назв.)
606 _aХимические заводы
_xОборудование
_xМонтаж
_2psbo
700 1 _aГайдамак
_bК.М.
_gКарл Максович
701 1 _aНаумов
_bВ.Г.
_gВасилий Григорьевич
801 0 _aRU
_bNLR
_gpsbo
801 1 _aRU
_bELAR
_2rusmarc
852 _aNLR
_j67-5/2119
942 _cBOOK
980 _aNB